[Event "RUS-chT Premier League 2018"]
[Site "Sochi"]
[Date "2018.05.03"]
[Round "3"]
[White "Bologan, Victor"]
[Black "Triapishko, Alexandr"]
[Result "0-1"]
[WhiteElo "2610"]
[BlackElo "2504"]
[Annotator "TA"]
[PlyCount "154"]
[EventDate "2018.??.??"]
[EventCountry "RUS"]
[SourceTitle "playchess.com"]
[Source "ChessBase"]
[SourceQuality "1"]

{[%evp 24,154,23,23,27,21,19,30,24,37,29,24,20,22,33,32,11,18,23,22,76,73,81,76,62,60,91,28,13,0,0,0,0,-28,0,-18,-46,-49,-33,-75,-67,-86,-18,-35,0,0,0,0,0,0,0,0,0,0,0,-47,-25,-172,-174,-226,-226,-226,-221,-259,-260,-247,0,0,0,-48,0,-379,-368,-350,-323,-442,-450,-565,-543,-514,-86,-86,-91,-91,-91,-84,-88,-79,-77,-77,-77,-77,-77,-84,-77,-82,-80,-92,-70,-75,-78,-147,0,0,0,0,0,-59,-71,-77,-79,-29971,-29972,-29972,-29972,-29962,-29954,-29980,-29981,-29979,-29980,-29986,-29983,-29983,-29984,-29985,-29986,-29995,-29996,-29996,-29996,-29996,-29997]} 1. e4 e5 2. Nf3 Nc6 3. Bc4 Nf6 4. d3 Be7 5. O-O O-O 6. Re1 d6 7. c3 Na5 8. Bb5 a6 9. Ba4 b5 10. Bc2 c5 11. Nbd2 Re8 12. Nf1 h6 13. d4 {LiveBook: 50 Games. C90: Closed Ruy Lopez with 7...d6: Early deviations} (13. Ng3 Bf8 14. h3 g6 15. d4 exd4 16. cxd4 Bg7 17. b3 Nc6 18. Be3 cxd4 19. Nxd4 Bb7 20. Qd2 Qa5 21. Nxc6 Qxd2 22. Bxd2 Bxc6 {½-½ (41) Predke,A (2579)-Jakovenko,D (2709) Novi Sad 2016}) 13... exd4 14. cxd4 Bg4 15. d5 {The position is equal.} Nc4 16. h3 Bxf3 17. Qxf3 Nd7 18. b3 Nce5 19. Qd1 Bf6 20. Rb1 c4 21. f4 $146 Nd3 (21... cxb3 $11 22. axb3 Ng6) 22. Bxd3 $16 cxd3 23. Qxd3 Qa5 24. Bd2 Qa3 25. Rbc1 (25. Ng3 $16) 25... Nc5 $11 {[%cal Bd7c5,Bc5b3,Bb3a5,Ba5c4][%mdl 32]} 26. Qf3 Bd4+ 27. Kh2 Qxa2 28. Be3 Nxb3 29. Rc6 Bxe3 30. Qxe3 Na5 31. Rcc1 Nc4 32. Qd4 $1 f6 ({Black should play} 32... Qa3 $17 {Black wants to play ...Qc5.} 33. Ng3 Qc5) 33. Ng3 Qd2 34. Rxc4 Qxe1 35. Rc7 $1 Rf8 36. Qb6 Kh8 37. Qxd6 Rg8 38. Qe6 Rae8 39. Qf5 b4 {Hoping for ...b3.} 40. d6 (40. e5 $1 $11 {and White is okay.} fxe5 41. Nh5 exf4 42. Nxf4) 40... b3 41. d7 (41. Rb7 $142) 41... Rd8 $1 $19 {White must now prevent ...b2.} 42. Rb7 Qd2 43. Nh5 b2 44. e5 {[#]} b1=Q $1 45. Qxb1 $11 (45. Rxb1 Qxd7) 45... fxe5 46. Qf5 e4 {Threatens to win with ...Qd6.} (46... Rgf8 $5 {[%cal Rf8f5]} 47. Qxe5 Rxd7 $17) 47. Qxe4 $2 {[%mdl 8192]} (47. Rb6 $11 Qxd7 48. Qe5) 47... Rxd7 $19 48. Rb6 {[#] intending Qe5.} Rd6 $1 {[%cal Rd6b6]} 49. Rb7 Qd5 50. Qxd5 Rxd5 51. g4 Rxh5 $2 (51... Rc8 $19 {has better winning chances. Strongly threatening ...Rc2+.} 52. Rb3 a5) 52. gxh5 {[%mdl 4096] Endgame [#] KR-KR} Ra8 $1 53. Rb4 a5 54. Ra4 Kg8 55. Kg3 Kf7 56. Kf3 Ke6 57. Ke4 Ra6 58. Kd4 Kf5 59. Ke3 Ra7 60. Kd3 Ke6 61. Ke4 Ra8 62. f5+ (62. Kd3 $142) 62... Kd6 ({Better is} 62... Kf6 $17 63. Kf4 Ra7) 63. f6 $1 $11 gxf6 64. Kf5 Ra6 {...Kc5 is the strong threat.} 65. Kxf6 (65. Kg6 $11) 65... Kc5+ 66. Kg7 Kb5 67. Rf4 $2 {[%mdl 8192]} (67. Ra1 $17) 67... a4 {Black mates.} 68. Rf5+ Kc4 69. Rf4+ Kd5 70. Rxa4 Rxa4 71. Kxh6 {KR-KPP} Ke6 72. Kg7 Ra7+ 73. Kg6 Ra3 74. h6 Rg3+ 75. Kh7 Kf7 76. Kh8 Rg8+ 77. Kh7 Rg6 {Precision: White = 46%, Black = 67%.} 0-1

[Event "RUS-chT Premier League 2018"]
[Site "Sochi"]
[Date "2018.05.03"]
[Round "3"]
[White "Antipov, Mikhail Al."]
[Black "Motylev, Alexander"]
[Result "1-0"]
[WhiteElo "2597"]
[BlackElo "2660"]
[Annotator "TA"]
[PlyCount "80"]
[EventDate "2018.??.??"]
[EventCountry "RUS"]
[SourceTitle "playchess.com"]
[Source "ChessBase"]
[SourceQuality "1"]

{[%evp 24,80,41,21,68,66,104,97,108,95,126,110,126,108,182,164,175,169,191,175,186,189,177,128,130,131,128,125,95,41,94,95,76,83,208,182,198,190,365,390,491,498,450,394,387,385,379,362,371,351,307,68,518,502,614,589,572,557,516]} 1. c4 c6 2. d4 d5 3. Nf3 Nf6 4. e3 Bf5 5. Nc3 e6 6. Nh4 Be4 7. f3 Bg6 8. Qb3 Qc7 9. Bd2 {D12: Slav Defence: 3 Nf3 Nf6 4 e3 Bf5} a6 (9... Be7 10. g3 Nbd7 11. cxd5 exd5 12. O-O-O a5 13. Nxg6 hxg6 14. Qc2 a4 15. e4 a3 16. e5 axb2+ {0-1 (59) Le,Q (2737)-Mamedov,R (2709) Huaian 2017}) 10. g3 Be7 11. Rc1 dxc4 12. Bxc4 b5 13. Be2 {LiveBook: 4 Games} c5 14. dxc5 Nc6 $146 ({Predecessor:} 14... Nbd7 15. Qd1 b4 16. Na4 Nxc5 17. Nxg6 hxg6 {½-½ (35) Neubauer,M (2415)-Bluebaum,M (2428) Sibenik 2012}) 15. Nxg6 hxg6 16. Qc2 Nb4 17. Qb1 $1 Rd8 18. a3 $1 {[%cal Ra3b4]} Nbd5 (18... Nc6 $16 {might work better.}) 19. Nd1 $1 $18 Nd7 20. b4 Ne5 21. f4 Nc6 22. Nc3 Nf6 23. Bf3 g5 24. Ne4 ({But not} 24. fxg5 $6 Ne5 $14) 24... gxf4 25. gxf4 Nd5 26. Qc2 (26. h4 $16) 26... Kf8 (26... f5 $14) 27. O-O g5 28. Qb2 {[%cal Rb2h8]} Rg8 (28... Rh7 $16 {was necessary.}) 29. Kh1 ({Don't play} 29. Nxg5 $6 Ne5 $14) 29... gxf4 30. exf4 {Threatens to win with Rg1.} Nxf4 $2 {[#]} (30... f5) 31. Nd6 $1 {[%mdl 512]} e5 (31... Bxd6 32. cxd6) 32. Bxf4 exf4 33. Rg1 Rxg1+ 34. Rxg1 {[%cal Rb2h8]} Bxd6 35. cxd6 Rxd6 36. Qg7+ Ke7 {[#]} 37. Qg5+ $2 $40 {[%mdl 128] White is up to no good.} (37. Re1+ $1 $18 Re6 38. Rxe6+ Kxe6 39. Bg4+ Ke7 40. Qg5+ Ke8 41. Qc5) 37... Kf8 $2 {[%mdl 8192] [#]} (37... Ke8 $14) 38. Qc5 $1 {White is clearly winning.} Ke7 39. Rc1 Kd7 40. h4 {Black must now prevent Bxc6+.} Ke7 {Precision: White = 67%, Black = 32%.} 1-0

[Event "RUS-chT Premier League 2018"]
[Site "Sochi"]
[Date "2018.05.03"]
[Round "3"]
[White "Bocharov, Dmitry"]
[Black "Palachev, Petr"]
[Result "1/2-1/2"]
[WhiteElo "2594"]
[BlackElo "2395"]
[Annotator "TA"]
[PlyCount "92"]
[EventDate "2018.??.??"]
[EventCountry "RUS"]
[SourceTitle "playchess.com"]
[Source "ChessBase"]
[SourceQuality "1"]

{[%evp 14,92,17,14,18,26,43,38,41,43,33,47,39,30,32,17,42,24,21,21,37,27,41,13,23,15,44,22,26,21,40,26,45,49,51,18,77,13,68,66,45,32,18,-7,0,-11,0,0,0,-25,-37,-23,-27,-32,-29,-86,-88,-131,0,0,0,0,0,0,0,-31,-35,-19,0,-75,-45,-62,0,0,0,0,0,0,0,0,0]} 1. Nf3 Nf6 2. c4 e6 3. b3 d5 4. Bb2 b6 (4... Be7 5. e3 O-O 6. Nc3 c5 7. cxd5 Nxd5 8. Nxd5 exd5 9. d4 Qa5+ 10. Qd2 Qxd2+ 11. Kxd2 Nc6 12. dxc5 Bxc5 13. Bb5 Bb4+ 14. Ke2 Be6 15. Rac1 Rac8 {1-0 (55) Carlsen,M (2834)-Giri,A (2752) Wijk aan Zee 2018}) 5. g3 Bb7 6. Bg2 {A13: English Opening: 1...e6} c5 7. O-O Be7 8. cxd5 {LiveBook: 4 Games} Bxd5 9. Nc3 Bc6 10. d4 Nbd7 11. dxc5 $146 ({Predecessor:} 11. Qd2 O-O 12. Rad1 Qc8 13. Ne5 Bxg2 14. Kxg2 cxd4 15. Qxd4 Nxe5 16. Qxe5 {½-½ (22) Fassmann,K (1986)-Goldinger,J (1849) Magdeburg 2015}) 11... Bxc5 12. e4 O-O 13. Qe2 e5 14. Rad1 {[#] Nxe5! is the strong threat.} Qb8 15. Nd5 Re8 16. Nd2 a5 17. Nc4 a4 18. Bc3 axb3 19. axb3 Ra7 20. b4 Bf8 $1 21. Nce3 Rc8 {[#] White must now prevent ...Bxd5.} 22. Rc1 Nxd5 23. exd5 Ba4 24. Qd3 g6 (24... Re8 $11 {remains equal.}) 25. Rfe1 (25. f4 $16) 25... Re8 (25... Bd6 $11) 26. Qd2 $14 h5 27. Bb2 Qd6 28. Bc3 Rc7 29. Qa2 b5 30. Bd2 Rec8 31. Rc6 Rxc6 32. dxc6 Nb8 33. Bd5 Rc7 34. Rc1 (34. Bg2 $11) 34... Nxc6 $17 35. Rc5 Nxb4 (35... Qf6 $17 36. Rxc6 Rxc6 37. Bxc6 Qxc6) 36. Bxb4 $11 Rxc5 37. Bxf7+ Kg7 {Threatens to win with ...Rc1+.} 38. Bxc5 Qxc5 39. Bd5 Qc7 40. Be4 Bc5 41. Nd5 (41. Qe6 $11 {keeps the balance.} Qd6 42. Qe8) 41... Qf7 42. Kg2 $1 Bb3 ({Black should try} 42... Qd7 $15) 43. Qb2 {The position is equal.} Bxd5 44. Qxe5+ Qf6 45. Qxf6+ Kxf6 46. Bxd5 b4 {Precision: White = 44%, Black = 42%.} 1/2-1/2

[Event "RUS-chT Premier League 2018"]
[Site "Sochi"]
[Date "2018.05.03"]
[Round "3"]
[White "Esipenko, Andrey"]
[Black "Shirov, Alexei"]
[Result "1-0"]
[WhiteElo "2587"]
[BlackElo "2644"]
[Annotator "TA"]
[PlyCount "61"]
[EventDate "2018.??.??"]
[EventCountry "RUS"]
[SourceTitle "playchess.com"]
[Source "ChessBase"]
[SourceQuality "1"]

{[%evp 23,61,0,0,0,0,0,89,92,89,77,81,73,102,109,165,165,152,151,152,152,159,166,152,153,180,178,352,261,394,386,506,485,481,452,789,800,764,756,5769,5433]} 1. d4 d5 2. c4 c6 3. Nf3 Nf6 4. Nc3 e6 5. e3 {[%cal Be2e3,Be3e4][%mdl 32]} Nbd7 6. Bd3 dxc4 7. Bxc4 b5 8. Bd3 Bb7 9. O-O a6 10. e4 c5 11. d5 Qc7 12. dxe6 fxe6 13. Ne2 {D48: Semi-Slav: Meran System: 7...b5 8 Bd3 a6} (13. Ng5 Qc6 14. Be2 Rd8 15. a4 b4 16. Nb1 Ne5 17. Nd2 h6 18. f4 hxg5 19. fxe5 Qc7 20. Qb3 Qxe5 {0-1 (46) Wang,H (2709)-Ding,L (2777) Huaian 2017}) 13... Bd6 14. a4 $1 {[%cal Ra4b5]} Nxe4 {[#]} (14... O-O $11) 15. Bxe4 $146 {White is better.} ({Predecessor:} 15. axb5 axb5 16. Rxa8+ Bxa8 17. Bxb5 O-O 18. Bc4 Ne5 19. Nxe5 Bxe5 20. Ng3 Nxg3 21. Bxe6+ {½-½ (29) Oparin,G (2543)-Shirov,A (2675) Moscow 2014}) 15... Bxe4 16. Nc3 Bb7 17. Re1 $1 {[%cal Re1e6]} O-O {Strongly threatening ...Bxf3.} 18. Rxe6 Ne5 (18... Rxf3 $16 19. Qxd6 (19. Rxd6 Rf7 $16) 19... Qxd6 20. Rxd6 Rf7) 19. Qxd6 $18 Nxf3+ 20. gxf3 Qf7 {[#]} 21. Re3 $1 b4 {[#]} 22. Ne4 $1 {[%cal Re4g5] Hoping for Ng5.} Rad8 23. Qg3 Rd1+ 24. Kg2 {[%cal Bg1g2,Bg2h3,Bh3h4][%mdl 32] Black must now prevent Nd6.} b3 $2 (24... Bxe4 {is a better defense.} 25. Rxe4 (25. fxe4 Qc4 $17) 25... h5) 25. Rc3 c4 (25... Bxe4 {was called for.} 26. fxe4 c4) 26. Nd6 Qe7 27. Nxb7 {White is clearly winning.} Qe2 {[%csl Gd1][%cal Re2f1]} 28. Kh3 Rf5 (28... Qf1+ $142 29. Qg2 Qe2) 29. Re3 Qf1+ 30. Kh4 Rxc1 31. Re8+ {Precision: White = 100%, Black = 29%.} 1-0

[Event "RUS-chT Premier League 2018"]
[Site "Sochi"]
[Date "2018.05.03"]
[Round "3"]
[White "Timofeev, Artyom"]
[Black "Gutenev, Alexander"]
[Result "1-0"]
[WhiteElo "2573"]
[BlackElo "2482"]
[Annotator "TA"]
[PlyCount "75"]
[EventDate "2018.??.??"]
[EventCountry "RUS"]
[SourceTitle "playchess.com"]
[Source "ChessBase"]
[SourceQuality "1"]

{[%evp 22,75,57,84,121,116,110,102,106,94,176,139,277,214,219,234,273,269,281,261,286,271,282,265,281,276,289,252,338,345,364,349,341,350,393,395,418,422,439,438,550,544,614,607,583,523,571,555,613,482,863,832,29981,29982,29974,29975]} 1. c4 Nf6 2. Nc3 d5 3. d4 g6 4. Nf3 Bg7 5. Qb3 dxc4 6. Qxc4 O-O 7. e4 a6 8. e5 b5 9. Qb3 Nfd7 10. e6 fxe6 11. Be3 Nb6 {D97: Grünfeld: Russian System: 7 e4, replies other than 7...Bg4} (11... Nf6 12. h4 c5 13. dxc5 Nc6 14. Be2 Qc7 15. Ng5 Qe5 16. O-O-O Na5 17. Qa3 Nc4 18. Bxc4 bxc4 19. c6 Rb8 {1-0 (45) Indjic,A (2560)-Kulaots,K (2590) Moscow 2017}) 12. h4 {[%cal Bh2h4,Bh4h5][%mdl 32] LiveBook: 19 Games} Nd5 {[#]} 13. h5 $1 Nxe3 {White is better.} 14. fxe3 Qd6 15. O-O-O $146 ({Predecessor:} 15. Ne4 Qd5 16. Bd3 Qxb3 17. axb3 Nc6 18. hxg6 h6 19. Nc5 {1-0 (29) Nikolaev,Y (2096)-Khakimov,T (2346) St Petersburg 2008}) 15... b4 (15... h6 $16 {might work better.}) 16. Ne4 Qd5 (16... Qc6+ $16 17. Nc5 Nd7) 17. Nc5 Qxb3 18. axb3 Bh6 19. Kd2 {[#] aiming for hxg6.} g5 20. Bc4 a5 21. Ne5 ({But not} 21. Bxe6+ $6 Bxe6 22. Nxe6 Rf5 $16) 21... Na6 {With the idea ...Nxc5.} 22. Nxe6 Bxe6 23. Bxe6+ Kh8 24. Ke2 Rf6 25. Bd5 Re8 26. Ra1 c5 27. Rxa5 cxd4 28. Bc6 d3+ 29. Kd1 Rc8 30. Rxa6 Re6 31. Ra5 Rxe5 32. Rxe5 Rxc6 $18 {[%mdl 4096] Endgame KRR-KRB} 33. Kd2 Rc2+ 34. Kxd3 Rxb2 35. Rxe7 Bf8 (35... g4 $142 36. Rd1 Bf8) 36. Re8 {And now Rf1 would win.} Rxb3+ 37. Kd4 Kg7 38. Rf1 {Precision: White = 96%, Black = 25%.} 1-0

[Event "RUS-chT Premier League 2018"]
[Site "Sochi"]
[Date "2018.05.03"]
[Round "3"]
[White "Goganov, Aleksey"]
[Black "Pershin, Denis"]
[Result "1-0"]
[WhiteElo "2570"]
[BlackElo "2393"]
[Annotator "TA"]
[PlyCount "89"]
[EventDate "2018.??.??"]
[EventCountry "RUS"]
[SourceTitle "playchess.com"]
[Source "ChessBase"]
[SourceQuality "1"]

{[%evp 15,89,-1,27,27,22,24,28,38,27,21,39,45,56,58,68,60,61,52,60,56,56,55,60,50,70,70,76,69,86,70,87,83,110,110,198,138,145,143,146,149,136,138,298,289,433,213,200,158,164,157,158,166,165,153,164,149,159,168,190,108,110,0,121,109,162,147,160,167,296,293,519,519,1469,1410,1200,383]} 1. Nf3 Nf6 2. c4 e6 3. g3 b6 4. Bg2 Bb7 5. d4 Be7 6. Nc3 O-O 7. O-O Ne4 8. Bd2 f5 9. Ne5 {E18: Queen's Indian: Old Main Line (4 g3 Bb7 5 Bg2 Be7 6 0-0 0-0 7 Nc3)} (9. Qc2 Nxc3 10. Qxc3 Bf6 11. Rad1 Nc6 12. Qe3 Ne7 13. Bc3 Qe8 14. Ne1 Bxg2 15. Nxg2 Ng6 16. Qd3 Rd8 17. e4 fxe4 18. Qxe4 {½-½ (41) Aronian,L (2780)-Ivanchuk,V (2757) Leuven 2017}) 9... Nxc3 10. Bxc3 Bxg2 11. Kxg2 {White has an edge.} Bf6 12. Nf3 $146 ({Predecessor:} 12. Qa4 Qe8 13. Rfd1 d6 14. Qxe8 Rxe8 15. Nd3 Nc6 16. e3 Kf7 {½-½ (31) Maghsoodloo,P (2570)-David,A (2571) Mumbai 2018}) 12... d6 13. Qd3 Nd7 14. e4 fxe4 15. Qxe4 Re8 16. Rfe1 a5 17. Re3 Nf8 18. Rae1 Qd7 19. Qd3 Qa4 20. b3 Qd7 $1 21. h4 Qf7 22. Nh2 Qh5 23. Qe4 Rad8 24. Ng4 d5 (24... Nd7 $16 25. Qf3 Qf7) 25. Qf4 ({White should play} 25. Qf3 $18 Qg6 26. cxd5 Rxd5 27. Nxf6+ Qxf6 28. Qxd5 $1 {[%mdl 512]} exd5 29. Rxe8) 25... Be7 $16 26. Qf3 {Threatens to win with Nf6+!} Qf7 27. Qe2 Bf6 28. h5 c5 $2 (28... h6 $16 29. Nxf6+ gxf6) 29. Rf3 $18 Qe7 {[#]} (29... Kh8 $142 30. h6 Qe7 31. hxg7+ Bxg7) 30. Nxf6+ (30. Rxf6 $142 $1 {[%mdl 512]} gxf6 31. Qf3 (31. Nh6+ Kh8 $11)) 30... gxf6 31. cxd5 Rxd5 32. dxc5 Qxc5 33. Bxf6 Rxh5 34. Qe4 Qd5 35. Rd3 Qxe4+ 36. Rxe4 Rc8 37. Rd8 ({White should try} 37. Rd6 $18) 37... Rhc5 $16 38. Rd3 (38. Rg4+ $16 Kf7 39. Rf4) 38... Rf5 (38... Rh5 $1 $11 {remains equal.}) 39. Bd4 $36 {[%mdl 2048] White has strong initiative.} Rc2 (39... Rd5 $16 {was worth a try.}) 40. Bxb6 $18 Rxa2 41. Rd8 Ra3 (41... Kf7 $142 42. Rc4 Ke7) 42. Bd4 {Intending Rg4+ and mate.} Kf7 $2 (42... h5 43. Rxe6 Rxb3) 43. g4 {White is clearly winning.} Rd5 (43... Ke7 $142 44. Rxf8 Rxf8) 44. Rf4+ Ke7 45. Bf6+ {Precision: White = 68%, Black = 45%.} 1-0

[Event "RUS-chT Premier League 2018"]
[Site "Sochi"]
[Date "2018.05.03"]
[Round "3"]
[White "Popov, Valerij"]
[Black "Alekseenko, Kirill"]
[Result "1-0"]
[WhiteElo "2528"]
[BlackElo "2625"]
[Annotator "TA"]
[PlyCount "63"]
[EventDate "2018.??.??"]
[EventCountry "RUS"]
[SourceTitle "playchess.com"]
[Source "ChessBase"]
[SourceQuality "1"]

{[%evp 16,63,15,14,21,-6,-6,-6,-14,-7,-7,-29,-8,-97,-118,-113,6,6,9,12,5,5,4,5,41,0,122,79,72,62,128,75,131,132,476,475,693,701,933,933,920,913,892,887,1142,1110,29982,29974,29994,29995]} 1. c4 e5 2. g3 Nc6 3. Nc3 g6 4. Bg2 Bg7 5. d3 d6 6. e4 f5 7. Nge2 Nh6 8. O-O O-O {A26: English Opening vs King's Indian with ...Nc6 and d3} 9. Nd5 {LiveBook: 13 Games} Nf7 10. Re1 $146 ({Predecessor:} 10. Be3 Ne7 11. Nxe7+ Qxe7 12. exf5 gxf5 13. Qd2 c6 14. f4 Kh8 15. Rae1 Be6 16. Nc3 {1-0 (32) Markowski,T (2530)-Vinogradov,S (2200) Vienna 1995}) 10... fxe4 {The position is equal.} 11. dxe4 Nd4 12. Nxd4 exd4 13. b3 g5 14. Qh5 (14. f4 $11) 14... c6 $17 15. e5 {[#]} dxe5 ({Much weaker is} 15... cxd5 $6 16. e6 $11) (15... Re8 $1 $17 {Hoping for ...Bf5.} 16. Bd2 (16. Be4 cxd5 17. Qxh7+ Kf8 $17) 16... cxd5 17. Bxd5 Be6 18. Bxb7 dxe5) 16. Be4 $11 {[%csl Ge4][%cal Rh5h7]} Bh6 $132 {[%mdl 2048] Black is not keeping still} 17. h4 cxd5 18. Bxd5 {Threatens to win with hxg5.} Bg7 $1 {Strongly threatening ...Qd6.} 19. Be4 $1 {[%csl Ge4][%cal Rh5h7]} Nh6 {And now ...Qf6 would win.} 20. hxg5 Rf5 (20... Qa5 $1 $11 {remains equal.} 21. Rf1 Nf5) 21. g4 {[#]} Nxg4 $1 {[%mdl 512]} 22. Qxg4 Qf8 (22... Qa5 $1 $14 23. Re2 Rf8) 23. Qh4 (23. f3 $142) 23... Bd7 (23... Qd6 $142) 24. Bxb7 $16 {Black must now prevent Bd5+.} Qb4 $2 {[%mdl 8192]} (24... Rc8 $16 {is tougher.}) 25. Bd5+ $18 Kh8 (25... Rf7 $142) 26. Re2 Raf8 27. g6 {[%csl Gg6][%cal Rh4h7]} ({Less strong is} 27. Be4 Be8 $18) 27... h5 28. Bg5 Rxg5+ 29. Qxg5 Bg4 30. Rxe5 Qc3 31. Rf1 d3 32. Re7 {Precision: White = 71%, Black = 22%.} 1-0

[Event "RUS-chT Premier League 2018"]
[Site "Sochi"]
[Date "2018.05.03"]
[Round "3"]
[White "Tsydypov, Zhamsaran"]
[Black "Natacheev, Peter"]
[Result "1-0"]
[WhiteElo "2525"]
[BlackElo "2243"]
[Annotator "TA"]
[PlyCount "135"]
[EventDate "2018.??.??"]
[EventCountry "RUS"]
[SourceTitle "playchess.com"]
[Source "ChessBase"]
[SourceQuality "1"]

{[%evp 24,135,0,0,26,18,55,63,62,45,60,54,74,68,72,50,183,171,162,170,155,146,144,143,196,183,177,193,201,196,266,251,277,277,280,262,235,119,361,333,488,498,497,487,654,611,572,505,482,181,489,237,726,430,374,218,216,204,203,199,199,198,197,152,237,237,233,233,237,237,237,237,237,237,236,232,228,225,225,231,253,241,260,260,253,248,475,470,12834,12835,12841,12841,12841,12842,12842,12843,12843,12843,12844,12843,12843,12840,12841,12841,12841,12842,12842,12843,12845,12843,12848,12848,12849,12842]} 1. e4 c5 2. Nf3 Nc6 3. d4 cxd4 4. Nxd4 Nf6 5. Nc3 e5 6. Ndb5 d6 7. Nd5 Nxd5 8. exd5 Nb8 9. a4 Be7 10. Be2 O-O 11. O-O Nd7 12. Be3 a6 {B33: Sicilian: Pelikan and Sveshnikov Variations} 13. Na3 {LiveBook: 10 Games} b6 $146 ({Predecessor:} 13... Bg5 14. Bxg5 Qxg5 15. Nc4 Qe7 16. a5 Rb8 17. b4 Nf6 18. Nb6 Nd7 19. c4 Nxb6 20. axb6 {1-0 (31) Aagaard,J (2528)-Hossain,E (2494) Dresden 2008}) 14. a5 b5 {The position is equal.} 15. c4 bxc4 16. Nxc4 Bb7 17. Ra3 Rc8 18. Rb3 $36 {[%mdl 2048] White fights for an advantage.} Rc7 19. Nb6 Nc5 (19... f5 $14) 20. Rc3 $18 {[#] Black must now prevent Qc2.} Ne4 21. Rxc7 Qxc7 22. Bc4 f5 23. Qd3 h6 (23... Bd8 $16) 24. b4 Bd8 25. f3 (25. Bxa6 Bxa6 26. Qxa6 f4 $11) 25... Ng5 26. b5 axb5 (26... Bc8 {might work better.} 27. Nxc8 (27. bxa6 f4 $16) 27... axb5) 27. Bxb5 e4 28. fxe4 Nxe4 {[#]} 29. Rc1 $1 {[%cal Rc1c7]} Qf7 30. Bd7 ({Better is} 30. a6 $18) 30... Kh8 $2 (30... Bxb6 $2 31. Be6 $18 (31. axb6 Qxd7 32. Rc7 Qa4 $11)) (30... Ng5 $16) 31. Be6 Qe7 (31... Qh5 $142 32. a6 Bxa6 33. Qxa6 Bg5) 32. Nd7 Re8 33. a6 Ba8 34. Rc8 Ba5 35. Rxe8+ Qxe8 36. Qb5 $2 (36. Bxf5 Nc3 37. Bd2 Ne2+ 38. Kf2) 36... Bc7 $2 (36... Nc3 {is more resistant.} 37. Qxa5 Nxd5) 37. a7 (37. Qf1 $142 Qh5 38. Qc1) 37... Qd8 $2 (37... Nc3 38. Qb8 Qd8) 38. Qb8 Nf6 39. Bb6 (39. Qxd8+ $142 Bxd8 40. Bxf5) 39... Bxb8 40. axb8=Q ({Inferior is} 40. Bxd8 Bxa7+ 41. Bb6 Bxb6+ 42. Nxb6 Bb7 $15) 40... Qxb8 41. Nxb8 {Strongly threatening Nc6.} Nxd5 42. Bxd5 Bxd5 43. Bc7 Kg8 (43... f4 $16 {was worth a try.} 44. Kf2 g5 45. Bxd6 Kg7) 44. Bxd6 Kf7 45. g3 Bc4 46. Nc6 Bd5 47. Nd4 Kf6 48. Kf2 g5 49. Ke3 Bb7 50. Bf8 Kg6 51. Nf3 Bc8 52. Ne5+ Kf6 53. Kd4 ({Weaker is} 53. Bxh6 Kxe5 54. Bxg5 f4+ 55. Bxf4+ (55. gxf4+ Kf5 $11) 55... Kf6 $14) 53... h5 54. Bh6 Bb7 $2 (54... h4 {was necessary.} 55. gxh4 gxh4) 55. h4 {White is clearly winning.} gxh4 (55... g4 $142 56. Bg5+ Kg7) 56. gxh4 Ke6 57. Nd3 Bf3 58. Nf4+ Kf6 59. Bg5+ Kf7 60. Ke5 Bg4 61. Nd5 Bf3 62. Ne3 Kg6 63. Nxf5 Bg4 64. Ne7+ Kf7 65. Nd5 Kg6 66. Bd8 Kf7 67. Nf6 Bd1 68. Ke4 {Precision: White = 72%, Black = 27%.} 1-0

[Event "RUS-chT Premier League 2018"]
[Site "Sochi"]
[Date "2018.05.03"]
[Round "3"]
[White "Iljiushenok, Ilia"]
[Black "Riazantsev, Alexander"]
[Result "1/2-1/2"]
[WhiteElo "2520"]
[BlackElo "2662"]
[Annotator "TA"]
[PlyCount "61"]
[EventDate "2018.??.??"]
[EventCountry "RUS"]
[SourceTitle "playchess.com"]
[Source "ChessBase"]
[SourceQuality "1"]

{[%evp 19,61,-12,-16,-29,0,0,0,-7,45,0,0,0,39,0,0,0,0,-17,0,0,0,0,0,0,0,0,0,0,0,0,0,-8,-7,-7,-10,-8,0,-4,0,0,0,-4,0,-29982]} 1. e4 c6 2. d4 d5 3. e5 Bf5 4. h4 h5 5. Bd3 Bxd3 6. Qxd3 e6 7. Bg5 {B12: Caro-Kann: Advance Variation} Qb6 8. Nd2 c5 9. c4 Qxb2 10. Rd1 Nc6 {[%cal Bb8c6,Bc6b4,Bb4d5,Bd5c3][%mdl 32] LiveBook: 5 Games} 11. Ngf3 {[#] And now cxd5 would win.} Nb4 ({Much weaker is} 11... cxd4 $6 12. cxd5 Qc3 13. Qb5 $16) 12. Qe2 $1 {cxd5 is the strong threat.} cxd4 13. O-O $1 {[#]} Rc8 $146 (13... d3 $11 14. Qe3 Ne7) ({Predecessor:} 13... d3 14. Qe3 Ne7 {1-0 (30) Morozevich,A (2711)-Laznicka,V (2676) Poikovsky 2015}) 14. cxd5 (14. Rb1 $5 {[%cal Rb1b2]} d3 15. Qd1 Qxa2 16. cxd5 $11) 14... Nxd5 {aiming for ...Nc3.} 15. Qd3 Qc3 16. Qb5+ {[%mdl 1024] White has compensation.} (16. Rc1 $5 Qxc1 17. Rxc1 Rxc1+ 18. Kh2 $11) 16... Qc6 {The position is equal.} 17. Rc1 Nc3 $1 ({Much worse is} 17... Qxb5 $6 18. Rxc8+ Kd7 19. Rd8+ Kc7 20. Rxf8 $16) 18. Qd3 Bc5 19. Nc4 $1 Qd5 {[#] Strongly threatening ...Ne7.} 20. Nd6+ $1 {[%mdl 512]} Bxd6 21. exd6 Nf6 $1 ({Wrong is} 21... Qxd6 $2 22. Nxd4 Ne7 23. Rxc3 $18) 22. Bxf6 gxf6 23. Nxd4 Rc4 $1 24. Rxc3 Rxd4 25. Qc2 $132 {[%mdl 2048] Rc8+ would kill now. White is not keeping still} O-O 26. Rg3+ Kh8 27. Qc1 {[%cal Rc1h6]} Kh7 28. Qc2+ Kh8 29. Qc1 {[%cal Rc1h6]} Kh7 30. Qc2+ Kh8 31. Qd1 $2 {[%mdl 40960] Precision: White = 73%, Black = 55%. . An unexpected result.} (31. Qc1 $11 Kh7) 1/2-1/2